Statistics for C-vel kezdődő országok

Click here to take the quiz!

General Stats

  • This quiz has been taken 30 times
  • The average score is 4 of 6

Answer Stats

Ország% Correct
Ciprus
92%
Chile
75%
Csád
67%
Csehország
58%
Costa Rica
50%
Comore-szigetek
42%

Score Distribution

Percentile by Number Answered

Percent of People with Each Score

Your Score History

You have not taken this quiz